00926nam a2200277 ia4500001001100000003000500011005001700016008004100033020002300074020002800097040002500125082001900150100002600169245006600195264006000261300005000321336002100371337002500392338002300417490003000440650002500470650005000495650004500545700002800590830003000618C2-0327860PPAK20201129123906.0140713s2010 my ao dr | 0 may d a9789675748134qset a9789675748189qhardback aPPAKbengcPPAKerda04a394.2695952230 aAzmi Ahmat, eauthor.10aHARI KEBANGSAAN & MAULIDUR RASUL /cAzmi Ahmat, Rosnani Rifin 1aSubang Jaya, Selangor : bDelima Maju Enterprise,c2010 aiv, 36 pages : bcolour photographs ; c26 cm 2rdacontentatext 2rdamediaaunmediated 2rdacarrieravolume1 aSiri Perayaan di Malaysia10aFestivals zMalaysia20aFestival vIndependent Day xProphet Birthday20aMalaysian festival vJuvenile literature0 aRosnani Rifin,eauthor. 0aSiri perayaan di Malaysia